Introducing economics
Αποθηκεύτηκε σε:
| Κύριος συγγραφέας: | |
|---|---|
| Μορφή: | Βιβλίο |
| Γλώσσα: | English |
| Δημοσίευση: |
Harmondsworth :
Penguin,
1983.
|
| Έκδοση: | 3η έκδ. |
| Θέματα: | |
| Ετικέτες: |
Προσθήκη ετικέτας
Δεν υπάρχουν, Καταχωρήστε ετικέτα πρώτοι!
|
MARC
| LEADER | 00000nam a2200000 i 4500 | ||
|---|---|---|---|
| 001 | 1/27186 | ||
| 008 | 960422s1983 eng d | ||
| 020 | |a 0140226273 | ||
| 035 | |l 10022811 | ||
| 040 | |a GR-MY-UA |b gre |e aacr | ||
| 041 | 0 | |a eng | |
| 082 | 0 | |a 330 | |
| 100 | 1 | |a McCormick, B. J. |q (Brian Joseph) | |
| 245 | 1 | 0 | |a Introducing economics / |c McCormick, B. J. |
| 250 | |a 3η έκδ. | ||
| 260 | |a Harmondsworth : |b Penguin, |c 1983. | ||
| 300 | |a 836 σ. | ||
| 650 | 0 | 0 | |a Economics. |
| 852 | |a INST |b CHIOS |e 19960422 |h 330 MCC |p 005200005798 |q 005200005798 |t BK |y 0 | ||
| 909 | |a Χ |b 001399 | ||